000 00193 a2200097 4500
020 _a9780618649655
041 _aeng
100 _aGay tanner ottley
245 _aVoyage of the fram
942 _cBK
999 _c9630
_d9630